Nositel Nobelovy ceny za ekonomii pro rok 2014
Informácia o nositeľovi Nobelovej ceny za ekonómiu pre rok 2014, francúzskom ekonómovi J.M. Tiroleovi. Cena mu bola udelená "za analýzu trhovej sily a reguláciu trhu.
Enregistré dans:
| Auteur principal: | |
|---|---|
| Format: | Chapitre de livre |
| Langue: | tchèque |
| Sujets: | |
| Tags: |
Pas de tags, Soyez le premier à ajouter un tag!
|
MARC
| LEADER | 00000naa a2200000 4500 | ||
|---|---|---|---|
| 001 | 0205410 | ||
| 005 | 20231207125936.5 | ||
| 041 | 0 | |a cze | |
| 044 | |a CZ | ||
| 245 | 1 | 0 | |a Nositel Nobelovy ceny za ekonomii pro rok 2014 |c Pavel Sirůček |
| 520 | |a Informácia o nositeľovi Nobelovej ceny za ekonómiu pre rok 2014, francúzskom ekonómovi J.M. Tiroleovi. Cena mu bola udelená "za analýzu trhovej sily a reguláciu trhu. | ||
| 610 | 2 | 0 | |a Nobelova cena |
| 610 | 2 | 0 | |a osobnosť |
| 610 | 2 | 0 | |a Tirole, J.M. |
| 610 | 2 | 0 | |a regulácia trhu |
| 100 | 1 | |a Sirůček, Pavel | |